| 000 | 01062nam a22002777a 4500 | ||
|---|---|---|---|
| 999 |
_c123376 _d123376 |
||
| 003 | 0 | ||
| 005 | 20181014114239.0 | ||
| 008 | 0 | ||
| 010 | _aB-218732 | ||
| 020 |
_c150.00 _a8183820729 |
||
| 035 | _aB-218732 , B-218733 | ||
| 037 | _bCen Lib/Ret | ||
| 040 |
_aDPL _bEN _c0 |
||
| 082 |
_a370.15 _bREY |
||
| 100 |
_aReynolds, Stella _95687 |
||
| 245 |
_aEducational psychology : _cby Stella Reynolds _ban interactive classroom apporoach / |
||
| 260 |
_aNew Delhi _bLotus Press _c2006 |
||
| 270 |
_a4263/3, Ansari Road, Darya Ganj4263/3, _bNew Delhi _e110002 |
||
| 300 |
_av,258p. _c21cm(Hb) |
||
| 500 | _aIncludes bibliographical references and index | ||
| 650 |
_aEducational psychology--Study and teaching _95688 |
||
| 650 |
_aEducational psychology--Methodology _95689 |
||
| 650 |
_aशैक्षिक मनोविज्ञान - अध्ययन और अध्यापन _95690 |
||
| 650 |
_aशैक्षिक मनोविज्ञान - क्रियाविधि _95691 |
||
| 942 |
_2ddc _cEN _h370.15 _mREY |
||